Normal view MARC view

Entry Personal Name

Number of records used in: 1

001 - CONTROL NUMBER

  • control field: 24857

003 - CONTROL NUMBER IDENTIFIER

  • control field: dpl

005 - DATE AND TIME OF LATEST TRANSACTION

  • control field: 20101216120112.0

008 - FIXED-LENGTH DATA ELEMENTS

  • fixed length control field: 101216|||a|||||| | ||| d

040 ## - CATALOGING SOURCE

  • Original cataloging agency: dpl
  • Transcribing agency: dpl

100 ## - HEADING--PERSONAL NAME

  • Personal name: Thorpe, Edgar

670 ## - SOURCE DATA FOUND

  • Source citation: Work cat.: (dpl)34470: Thorpe, Edgar, The Pearson General Knowledge Manual 2010 /, 2010

670 ## - SOURCE DATA FOUND

  • Source citation: Work cat.: (dpl)34470: Thorpe, Edgar, The Pearson General Knowledge Manual 2010 /, 2010

© Delhi Public Library
Hit Counter
free hit counter